000 00213pam a2200121 a 4500
020 _c
041 _h
100 _aP. Sudhakar
245 _aTrees of Madras
300 _a81
653 _aNature
930 _a929
999 _c246782
_d246782